শ্রাদ্ধতত্ত্বম / (Record no. 84792)
[ view plain ]
| 000 -LEADER | |
|---|---|
| fixed length control field | 01151nam a2200229 a 4500 |
| 001 - CONTROL NUMBER | |
| control field | 84792 |
| 003 - CONTROL NUMBER IDENTIFIER | |
| rucl marc code | BD-RjUL |
| 005 - DATE AND TIME OF LATEST TRANSACTION | |
| control field | 20250409124003.0 |
| 008 - FIXED-LENGTH DATA ELEMENTS--GENERAL INFORMATION | |
| fixed length control field | 250409s1936 ii ||||| |||| 00| 0 ben d |
| 035 ## - SYSTEM CONTROL NUMBER | |
| System control number | (BD-RjUL)84792 |
| 040 ## - CATALOGING SOURCE | |
| Original cataloging agency | BD-RjUL |
| Language of cataloging | eng |
| Transcribing agency | BD-RjUL |
| 041 ## - LANGUAGE CODE | |
| Language code of text/sound track or separate title | eng |
| 082 ## - DEWEY DECIMAL CLASSIFICATION NUMBER | |
| Edition number | 23 |
| Classification number | 294.5 |
| Author mark and year | BHS 1936 |
| 100 ## - MAIN ENTRY--PERSONAL NAME | |
| Personal name | ভট্টাচার্য্য, শ্রীরঘুনন্দন |
| 9 (RLIN) | 15212 |
| 245 ## - TITLE STATEMENT | |
| Title | শ্রাদ্ধতত্ত্বম / |
| Statement of responsibility, etc. | মহামহোপাধ্যায়স্মার্ত্ত-শ্রীরঘুনন্দন ভট্টাচার্য্য প্রণীতম; শ্রীচারুকৃষ্ণ দশ্যনাচার্য্যেণ সম্পাদিতং |
| 260 ## - PUBLICATION, DISTRIBUTION, ETC. (IMPRINT) | |
| Place of publication, distribution, etc. | কলিকাতা : |
| Name of publisher, distributor, etc. | শ্রীচারুকৃষ্ণ দর্শনাচার্য্য, |
| Date of publication, distribution, etc. | ১৯৩৬ |
| 300 ## - PHYSICAL DESCRIPTION | |
| Pagination | ৩৪৪ পৃ.; |
| Size | ২০ সেমি. |
| 650 ## - SUBJECT ADDED ENTRY--TOPICAL TERM | |
| Topical term or geographic name as entry element | হিন্দু ধর্ম |
| 9 (RLIN) | 4979 |
| Topical term or geographic name as entry element | Hinduism |
| 700 ## - ADDED ENTRY--PERSONAL NAME | |
| Personal name | দশ্যনাচার্য্যেণ, শ্রীচারুকৃষ্ণ |
| 942 ## - ADDED ENTRY ELEMENTS (KOHA) | |
| Source of classification or shelving scheme | Dewey Decimal Classification |
| Koha item type | Books |
| Lost status | Source of classification or shelving scheme | Damaged status | Not for loan | Collection code | Permanent Location | Current Location | Shelving location | Date acquired | Cost, normal purchase price | Total Checkouts | Full call number | Date last seen | Copy number | Koha item type |
|---|---|---|---|---|---|---|---|---|---|---|---|---|---|---|
| Dewey Decimal Classification | Not For Loan | Non-fiction | Central Library, University of Rajshahi | Central Library, University of Rajshahi | Reading Room | 16/09/1981 | 25.00 | B 294.5 BHS 1936 | 09/04/2025 | C-1 | Books |